000 00495pab a2200181 454500
008 180718b2014 xxu||||| |||| 00| 0 eng d
100 _aRajeesh Kumar
245 _aIraq war 2003 and the issue of pre-emptive and preventive self-defence: Implications for the United Nations
260 _c2014
300 _ap.123-137.
362 _aJun
650 _aUnited Nations
650 _aWar
650 _aInternational relations
773 _aIndia Quarterly
908 _aN
909 _a104869
999 _c104864
_d104864